000 00683nam a2200241Ia 4500
003 OSt
005 20220928120808.0
006 a|||||r|||| 00| 0
007 ta
008 220927b |||||||| |||| 00| 0 eng d
024 _a68334
037 _cTextual
040 _aSDCL
_cSDCL
_beng
041 _2eng
_aeng
082 _aB335, P5
100 _aVasconcelos Wolmer
_9451183
245 0 _aIntegral closure
_bRees algebras, multicities, algorithms
260 _aBerlin
_bSpringer
_c2005
300 _axii,519p,Bibp497-512
_ccm.
490 _aSpringer monographs in mathematics
942 _hB335, P5
_cTEXL
_2CC
999 _c765283
_d765283